Central Library OPAC University of Rajshahi

English through actions / (Record no. 50380)

MARC details
000 -LEADER
fixed length control field 00639nam a22002173 4500
001 - CONTROL NUMBER
control field 50380
003 - CONTROL NUMBER IDENTIFIER
rucl marc code BD-RjUL
005 - DATE AND TIME OF LATEST TRANSACTION
control field 20211209075511.0
008 - FIXED-LENGTH DATA ELEMENTS--GENERAL INFORMATION
fixed length control field 160824s1959 enk 000 0 eng d
035 ## - SYSTEM CONTROL NUMBER
System control number (BD-RjUL)50500
040 ## - CATALOGING SOURCE
Original cataloging agency EQO
Transcribing agency EQO
Language of cataloging eng
Modifying agency BD-RjUL
041 ## - LANGUAGE CODE
Language code of text/sound track or separate title eng
082 ## - DEWEY DECIMAL CLASSIFICATION NUMBER
Classification number 428.24
Author mark and year PAE 1959
100 1# - MAIN ENTRY--PERSONAL NAME
Personal name Palmer, Harold Edward.
9 (RLIN) 150970
245 10 - TITLE STATEMENT
Title English through actions /
Statement of responsibility, etc. by Harold E Palmer; Dorothée Palmer
260 ## - PUBLICATION, DISTRIBUTION, ETC. (IMPRINT)
Place of publication, distribution, etc. London :
Name of publisher, distributor, etc. Longmans,
Date of publication, distribution, etc. c1959.
300 ## - PHYSICAL DESCRIPTION
Pagination x, 287 p. ;
Size 21 cm.
650 ## - SUBJECT ADDED ENTRY--TOPICAL TERM
Topical term or geographic name as entry element English language -- Study and teaching.
9 (RLIN) 150890
700 1# - ADDED ENTRY--PERSONAL NAME
Personal name Palmer, Dorothée
942 ## - ADDED ENTRY ELEMENTS (KOHA)
Source of classification or shelving scheme Dewey Decimal Classification
Koha item type Books
Holdings
Lost status Source of classification or shelving scheme Damaged status Not for loan Collection code Permanent Location Current Location Shelving location Date acquired Source of acquisition Cost, normal purchase price Total Checkouts Full call number Date last seen Copy number Koha item type
  Dewey Decimal Classification     Non-fiction Central Library, University of Rajshahi Central Library, University of Rajshahi   18/11/1961 Oment Lonfmans 1.00   428.24 PAE 1959 24/08/2016 C-2 Books